Southville International School and Colleges
Your cart is empty.
  • Cart
  • Lists
    Public lists Eva Luna New books Lux_list list_1
    Your lists Log in to create your own lists
  • Log in to your account
  • Your cookies
  • Search history
Southville International School and Colleges
  • Advanced search
  • Recent comments
  • Most popular
  • Libraries

Log in to your account

Log in with GOOGLE


If you do not have an external account, but do have a local account, you can still log in:

  1. Home
  2. MARC view: The hundred dresses /
Normal view MARC view ISBD view

The hundred dresses / (Record no. 104008)

[ view plain ]
MARC details
000 -LEADER
fixed length control field 00439nam a2200157 a 4500
005 - DATE AND TIME OF LATEST TRANSACTION
control field 20140412111311.0
008 - FIXED-LENGTH DATA ELEMENTS--GENERAL INFORMATION
fixed length control field 030416s19uu xx 00 eng d
020 ## - INTERNATIONAL STANDARD BOOK NUMBER
International Standard Book Number 0-590-40400-8
050 ## - LIBRARY OF CONGRESS CALL NUMBER
Classification number ER
Item number Hu86 1944
100 ## - MAIN ENTRY--PERSONAL NAME
Personal name Estes, Eleanor
245 ## - TITLE STATEMENT
Title The hundred dresses /
Statement of responsibility, etc by Eleanor Estes ; illustrated by Louis Slobodkin.
260 ## - PUBLICATION, DISTRIBUTION, ETC. (IMPRINT)
Place of publication, distribution, etc New York :
Name of publisher, distributor, etc Scholastic Inc.
300 ## - PHYSICAL DESCRIPTION
Extent 78 p. ; ill.
650 ## - SUBJECT ADDED ENTRY--TOPICAL TERM
Topical term or geographic name as entry element Fiction
Holdings
Withdrawn status Lost status Damaged status Use restrictions Home library Current library Shelving location Date acquired Source of acquisition Total Checkouts Full call number Barcode Date last seen Price effective from Koha item type
        Elizalde Library Elizalde Library Easy Reading Section 04/16/2003     ER Hu86 1944 E6248 04/12/2014 04/12/2014 Books

The hundred dresses /

APA

Estes E., .The hundred dresses. New York: Scholastic Inc.

Chicago

Estes Eleanor, .The hundred dresses. New York: Scholastic Inc.

Harvard

Estes E., .The hundred dresses. New York: Scholastic Inc.

MLA

Estes Eleanor, .New York: Scholastic Inc. .

  • Place hold
  • Print
  • Cite
  • Add to your cart (remove)
  • Save record
    BIBTEX Dublin Core MARCXML MARC (non-Unicode/MARC-8) MARC (Unicode/UTF-8) MARC (Unicode/UTF-8, Standard) MODS (XML) RIS
  • More searches
    Search for this title in:
    Other Libraries (WorldCat) Other Databases (Google Scholar) Online Stores (Bookfinder.com) Open Library (openlibrary.org)

Exporting to Dublin Core...

SOUTHVILLE LIBRARY

Southville International School and Colleges Library

1281 Tropical Ave. Cor. Luxembourg St., BF Homes International, Las Pinas City

Tel. No. 8256374 / 252358 Loc. 117/146

Powered by Koha